00876nam a22002057a 4500003000400000005001700004008004000021020001800061040001400079041000800093082001700101100002800118245009700146264003700243300006000280521027800340650001500618650001400633650002300647OSt20260320171209.0260320b ||||| |||| 00| 0spa d a9789583038068 cCO-Mq BPB aspa a952.02bM11g aMacdonald, Fionaeautor a¿No te gustaría ser un samurái?;bUna profesión mortal que no preferirías no seguir aBogotá; bPanamericana, c2011 a32 páginas;bTapa dura, ilustraciones a color,c24 cm as un libro infantil ilustrado que te muestra cómo era la vida de un samurái en el Japón antiguo: Cómo entrenaban desde pequeños Qué armas usaban (como la katana ⚔️) Las reglas estrictas del honor (Bushidō) Lo duro que era realmente vivir como guerrero aSamuráis aHistorias aLiteratura juvenil